书目信息 |
| 题名: |
开发你的创造性
|
|
| 作者: | 野村健二 , 恩田彰 著 ;俞宜国 , 俞宙 译 | |
| 分册: | ||
| 出版信息: | 北京 春秋出版社 1989.10 |
|
| 页数: | 154页 | |
| 开本: | 19cm | |
| 丛书名: | 智能开发译丛 | |
| 单 册: | ||
| 中图分类: | G305 , G4-51 | |
| 科图分类: | 37.203 | |
| 主题词: | 创造学 , 教育 | |
| 电子资源: | ||
| ISBN: | 7-5069-0171-4 | |
| 000 | 01200nam2 2200325 45 | |
| 001 | 0190017703 | |
| 005 | 20061101102300.07 | |
| 010 | @a7-5069-0171-4@dCNY2.40 | |
| 100 | @a19921223d1989 em y0chiy0121 ea | |
| 101 | 1 | @achi@cjpn |
| 102 | @aCN@b110000 | |
| 105 | @ay z 000yy | |
| 200 | 10 | @a开发你的创造性@AKAI FA NI DE CHUANG ZAO XING@e把隐藏着的能力开发出来的方法@EBA YIN CANG ZHE DE NENG LI KAI FA CHU LAI DE FANG FA@f(日)恩田彰,(日)野村健二著@F( RI ) EN TIAN ZHANG ,( RI ) YE CUN JIAN ER ZHU@g俞宜国,俞 宙译 |
| 210 | @a北京@c春秋出版社@d1989.10 | |
| 215 | @a154页@d19cm | |
| 225 | 2 | @a智能开发译丛@f廖一帆主编 |
| 330 | @a本书围绕开发创造性这一中心,论述了一系列有关问题。主要内容有:什么叫创造性;创造性的三个阶段和三种水平;各种水平的创造性的开发方法;创造性的测验等。 | |
| 410 | 0 | @120010@a智能开发译丛 |
| 540 | 1 | @a开发 创造性@AKAI FA CHUANG ZAO XING |
| 606 | @a创造学 | |
| 606 | 0 | @a教育 |
| 690 | @aG305@v三版 | |
| 690 | @aG4-51@v3 | |
| 692 | @a37.203 | |
| 701 | 0 | @a野村健二@AYE CUN JIAN ER@4著 |
| 701 | 0 | @a恩田彰@AEN TIAN ZHANG@4著 |
| 702 | 0 | @a俞宜国@AYU YI GUO@4译 |
| 702 | 0 | @a俞宙@AYU ZHOU@4译 |
| 801 | 0 | @aCN@bTSSF@c20061101 |
| 905 | @a10447@dG4-51@e25:13 | |
| 开发你的创造性:把隐藏着的能力开发出来的方法/(日)恩田彰,(日)野村健二著/俞宜国,俞 宙译.-北京:春秋出版社,1989.10 |
| 154页;19cm.-(智能开发译丛/廖一帆主编) |
| ISBN 7-5069-0171-4:CNY2.40 |
| 本书围绕开发创造性这一中心,论述了一系列有关问题。主要内容有:什么叫创造性;创造性的三个阶段和三种水平;各种水平的创造性的开发方法;创造性的测验等。 |
| ● |
| 相关链接 |
|
|
|
|
正题名:开发你的创造性
索取号:G4-51/25:13
 
预约/预借
| 序号 | 登录号 | 条形码 | 馆藏地/架位号 | 状态 | 备注 |
| 1 | 0227628 | 002055741 | 第一样本阅览室/ [索取号:G4-51/25:13] | 在馆 |